| 000 | 00537nam a2200217Ia 4500 | ||
|---|---|---|---|
| 003 | 0100 | ||
| 008 | 130303s9999 xx 000 0 und d | ||
| 040 | _cARRUPELIB | ||
| 050 | _aJX1977.C5118 1994 | ||
| 100 | _aChilders, Erskine | ||
| 245 | _aRenewing the United Nations system | ||
| 260 | _aUppsala | ||
| 260 | _bDag Hammarsk Jold Foundation | ||
| 260 | _C1994 | ||
| 300 | _a213p. | ||
| 300 | _b 25cm | ||
| 650 | _bCivilization, Islamic | ||
| 650 | _cReligion and culture | ||
| 700 | _aUrquhart, Brian | ||
| 942 |
_2lcc _02 |
||
| 999 |
_c60532 _d60532 |
||